| 000 | 00918cam a22002777a 4500 | ||
|---|---|---|---|
| 005 | 20220329141144.0 | ||
| 008 | 971010s1980 r 00010 d | ||
| 010 | _a63542 | ||
| 011 | _a64514 | ||
| 035 | _a69878 | ||
| 082 |
_a633.71 _bJ3 |
||
| 100 | 0 | 0 |
_aJáuregui, Jesús. _961738 |
| 245 | 0 |
_aTabamex _b: un caso de integración vertical de la agricultura |
|
| 260 |
_aMéxico, D. F. : _bNueva Imagén, _c1980 |
||
| 300 | _a380 p | ||
| 590 |
_aBATCH-UPD _b10 _c20130109 _lUCH01 _h2327 |
||
| 590 |
_aBATCH-UPD _b10 _c20130110 _lUCH01 _h2111 |
||
| 590 |
_aBATCH-UPD _b10 _c20130409 _lUCH01 _h1852 |
||
| 590 |
_aBATCH-UPD _b10 _c20130410 _lUCH01 _h1422 |
||
| 590 |
_aBATCH-UPD _b10 _c20130914 _lUCH01 _h2041 |
||
| 590 |
_aCONVERSION _b10 _c20130109 _lUCH01 _h1334 |
||
| 650 | 1 | 4 |
_aTabaco _xIndustria. _9111223 |
| 650 | 1 | 4 |
_aTabaco _xMéxico. _9111230 |
| 901 | _aBK | ||
| 949 |
_a633.71 J3 _bCRUAN _cLIBRO _d-2116 _eLIBRO _h158 _i69878 _si |
||
| 999 |
_c63542 _d63542 |
||